ARTIFICIAL INTELLIGENCE A MODERN APPROACH (Record no. 8614)

MARC details
000 -LEADER
fixed length control field 00448nam a22001817a 4500
005 - DATE AND TIME OF LATEST TRANSACTION
control field 20250911120055.0
008 - FIXED-LENGTH DATA ELEMENTS--GENERAL INFORMATION
fixed length control field 240831b |||||||| |||| 00| 0 eng d
020 ## - INTERNATIONAL STANDARD BOOK NUMBER
ISBN 978-93-560-6357-0
041 ## - LANGUAGE CODE
Language code of text/sound track or separate title eng
082 ## - DEWEY DECIMAL CLASSIFICATION NUMBER
Classification number 006.3 RUS-A
100 ## - MAIN ENTRY--AUTHOR NAME
Personal name RUSSELL, STUART J. AND NORVING
245 ## - TITLE STATEMENT
Title ARTIFICIAL INTELLIGENCE A MODERN APPROACH
250 ## - EDITION STATEMENT
Edition statement 4TH, ED.
260 ## - PUBLICATION, DISTRIBUTION, ETC. (IMPRINT)
Name of publisher PEARSON
300 ## - PHYSICAL DESCRIPTION
Number of Pages 1288;P
650 ## - SUBJECT ADDED ENTRY--TOPICAL TERM
Topical Term CS & IT
942 ## - ADDED ENTRY ELEMENTS (KOHA)
Koha item type Books
Holdings
Lost status Damaged status Collection code Home library Current library Shelving location Date acquired Source of acquisition Cost, normal purchase price Serial Enumeration / chronology Full call number Accession Number Koha item type
    Reference JRU Library JRU Library SHELF-72-C 30/08/2024 PURCHASE 1000.00 NEW ARRIVALS SHELF 006.3 28364 Books
    CS/IT JRU Library JRU Library SHELF-53-A 30/08/2024 PURCHASE 1000.00   006.3 28365 Books
    CS/IT JRU Library JRU Library SHELF-52-E 30/08/2024 PURCHASE 1000.00   006.3 28366 Books
    CS/IT JRU Library JRU Library SHELF-53-A 30/08/2024 PURCHASE 1000.00   006.3 28367 Books
    CS/IT JRU Library JRU Library SHELF-53-A 19/09/2024 PURCHASE 1000.00   006.3 28598 Books
    CS/IT JRU Library JRU Library SHELF-53-A 10/09/2025 PURCHASE 1120.00   006.3 28850 Books
    CS/IT JRU Library JRU Library SHELF-53-A 10/09/2025 PURCHASE 1120.00   006.3 28851 Books
    CS/IT JRU Library JRU Library SHELF-53-A 10/09/2025 PURCHASE 1120.00   006.3 28852 Books
    CS/IT JRU Library JRU Library SHELF-53-A 10/09/2025 PURCHASE 1120.00   006.3 28853 Books
    CS/IT JRU Library JRU Library SHELF-53-A 10/09/2025 PURCHASE 1120.00   006.3 28854 Books